Stadt, Region, Migration - zum Wandel urbaner und regionaler Räume
| Titel: | Stadt, Region, Migration - zum Wandel urbaner und regionaler Räume : 53. Arbeitstagung in München, 14.-16. November 2014 / herausgegeben von Hans-Joachim Hecker, Andreas Heusler und Michael Stepahn |
|---|---|
| Beteiligt: | ; ; |
| Körperschaft: | |
| Veröffentlicht: | Ostfildern : Jan Thorbecke Verlag, [2017] |
| Umfang: | 318 Seiten : Illustrationen, Karten, Diagramme ; 23 cm |
| Format: | Buch |
| Sprache: | Deutsch |
| Schriftenreihe/ mehrbändiges Werk: |
Stadt in der Geschichte ; Band 42 |
| RVK-Notation: |
·
·
·
|
| ISBN: | 9783799564427 ; 379956442X |
| Hinweise zum Inhalt: |
Inhaltstext
Inhaltstext Inhaltsverzeichnis |
alg: 41947582 001A $00030:26-10-17 001B $06062:23-05-24 $t14:17:02.000 001D $00030:26-10-17 001U $0utf8 001X $00 002@ $0Aau 002C $aText $btxt $2rdacontent 002D $aohne Hilfsmittel zu benutzen $bn $2rdamedia 002E $aBand $bnc $2rdacarrier 003@ $0419475826 003O $01001954572 $aOCoLC 004A $A978-3-7995-6442-7 $fBroschur : EUR 35.00 004A $03-7995-6442-X 004K $09783799564427 006C $01001954572 $aOCoLC 006G $01138247057 006H $0TOCNEUA1801 $2DNB 006T $017,N34 006U $019,A49 $f20170815 007A $01138247057 $aDNB 009P $qtext/html $A2 $3Inhaltstext $uhttp://deposit.dnb.de/cgi-bin/dokserv?id=2889b0965ee94717b6c3d31d94e59919&prov=M&dok_var=1&dok_ext=htm $mX:MVB 009P $qtext/html $3Inhaltstext $uhttp://deposit.dnb.de/cgi-bin/dokserv?id=2889b0965ee94717b6c3d31d94e59919&prov=M&dok_var=1&dok_ext=htm $mX:MVB 009P $qapplication/pdf $A2 $3Inhaltsverzeichnis $uhttp://scans.hebis.de/HEBCGI/show.pl?41947582_toc.pdf $mV:DE-603;B:DE-17 010@ $ager 011@ $a2017 $n[2017] 011F $n© 2017 013D $RWissenschaftliche Literatur $RAufsatzsammlung $#Konferenzbericht $71071861417 $8Konferenzschrift [Tsz] $9359646190 $y2014 $zMünchen 021A $aStadt, Region, Migration - zum Wandel urbaner und regionaler Räume $d53. Arbeitstagung in München, 14.-16. November 2014 $hherausgegeben von Hans-Joachim Hecker, Andreas Heusler und Michael Stepahn 028C $BHerausgeber $#Hecker, Hans Joachim $#Hecker, Hans J. $#Hecker, Harald $4edt $7120758482 $8Hecker, Hans-Joachim$Z1948- [Tp1] $9152289011 028C $BHerausgeber $#Heussler, Andreas $4edt $7124346146 $8Heusler, Andreas$Z1960- [Tp3] $9155050230 028C $BHerausgeber $4edt $7132834685 $8Stephan, Michael$Z1954- [Tp1] $9185691900 029A $BVerfasser $#Stadt, Region, Migration - zum Wandel urbaner und regionaler Räume, München 2014 Veranstaltung $4aut $71142133435 $8Südwestdeutscher Arbeitskreis für Stadtgeschichtsforschung$bArbeitstagung$n53.$d2014$cMünchen [Tf1] $9418937931 033A $pOstfildern $nJan Thorbecke Verlag 034D $a318 Seiten 034I $a23 cm 034M $aIllustrationen, Karten, Diagramme 036E $aStadt in der Geschichte $lBand 42 044K $RGemeinde $#Cities and towns $#Villes $#Città $#Ciudades $#towns $#Stadt $#Stadt $#Stadtgebiet Stadt $#Städte $74056723-0 $8Stadt [Tsz] $9085157945 044K $RMobilität $RRegionale Mobilität $#Emigration and immigration $#Émigration et immigration $#migration $#Migration $#Bevölkerungswanderung $#Wanderung Soziologie $#Wanderungen $#Wanderungsbewegung $74120730-0 $8Migration [Ts1] $9085386928 044K $qDNB $RIntegration $RAssimilation $#Social integration $#Intégration sociale $#Soziale Integration $#soziale Integration $#Soziale Integration $#Gesellschaftliche Integration $#Soziale Eingliederung $74077570-7 $8Soziale Integration [Ts1] $9085219835 044K $qDNB $#Abendland $#Okzident $74015701-5 $8Europa [Tgz] $908503617X 045B $a900 045E $c300 $c940 $c943 045R $aGeschichte 1400-1990 045Z $8MS 3600 [Tkv] $9410834092 045Z $8NR 1850 [Tkv] $9410921661 045Z $8NW 2200 [Tkv] $9410949590 045Z $8NR 1830 [Tkv] $9410921653 lok: 41947582 3 101B $026-10-17 $t13:20:04.000 101C $026-10-17 101U $0utf8 145S/01 $a039 exp: 41947582 3 1 #EPN 201B/01 $026-10-17 $t13:20:04.000 201C/01 $026-10-17 201U/01 $0utf8 203@/01 $01009097296 208@/01 $a26-10-17 $bzAa 209A/01 $a90.910.40 $du $f000 $h90 910 40 $x00 209G/01 $a90910400 $x00 247C/01 $8601000-3 <30>Frankfurt, Universitätsbibliothek J. C. Senckenberg, Zentralbibliothek (ZB) $9102598258 lok: 41947582 8 exp: 41947582 8 1 #EPN 201B/01 $005-05-23 $t20:03:54.000 201C/01 $008-11-17 201U/01 $0utf8 203@/01 $01010968521 208@/01 $a08-11-17 $bz 209A/01 $a/NR 1850 H449 $du $f001 $x00 209G/01 $a19753042 $x00 209G/01 $a1. Obergeschoss $x01 247C/01 $8611001-0 <17/1>Darmstadt, TU Darmstadt, Universitäts- und Landesbibliothek - Schloss $9102595887 lok: 41947582 13 exp: 41947582 13 1 #EPN 201B/01 $009-12-19 $t15:43:05.000 201C/01 $030-10-19 201U/01 $0utf8 203@/01 $01066546843 208@/01 $a09-12-19 $bz 209A/01 $a-FoBi- Bp 50 $du $f000 $hFOBI BP 50 $x00 209B/01 $a02 $x05 209C/01 $a2019-335 209G/01 $a03199630 $x00 209G/01 $aFreihand Forschungsbibliothek $x01 247C/01 $8655000-9 <36>Mainz, Wissenschaftliche Stadtbibliothek Mainz $9102599564 lok: 41947582 15 101B $027-01-23 $t16:52:39.000 101C $027-01-23 101U $0utf8 145S/01 $a05000 exp: 41947582 15 1 #EPN 201B/01 $027-01-23 $t16:52:39.000 201C/01 $027-01-23 201U/01 $0utf8 203@/01 $01225450411 208@/01 $a27-01-23 $bz 209A/01 $a-Mag- OL 6832 / Bd 42 $du $f100 $h-MAG- OL 6832 / B 42 $x00 209C/01 $aSTB G 2023/0047 $hSTB G 2023 0047 209G/01 $a04037766 $x00 244Z/01 $711904000X $8--Tp1--Reuter, Fritz$Z1929-2021 $x80 $9087380269 247C/01 $8655100-2 <123>Worms, Stadtbibliothek Worms $9102600732 lok: 41947582 23 exp: 41947582 23 1 #EPN 201B/01 $005-12-17 $t07:50:06.000 201C/01 $027-11-17 201U/01 $0utf8 203@/01 $0101204579X 208@/01 $a05-12-17 $bz 209A/01 $a25 Ges EA 6422 $du $f024 $hGES EA 6422 $x00 209G/01 $a28051131 $x00 247C/01 $8352024-9 <34/24>Kassel, UB Kassel, Standort Holländischer Platz $9102599459 lok: 41947582 25 exp: 41947582 25 1 #EPN 201B/01 $005-05-25 $t17:08:07.000 201C/01 $028-05-18 201U/01 $0utf8 203@/01 $01022780409 208@/01 $a28-05-18 $bzip 209A/01 $aWAA 49-42 $dd $f088 $x00 209C/01 $aHSK 2017/112/LG 209G/01 $a77349710 $x00 209G/01 $aMittlere und Neuere Geschichte $x01 247C/01 $8651088-7 <77/088>Mainz, Universität Mainz, Bereichsbibliothek Philosophicum, Standort Mittlere und Neuere Geschichte $9102600376 lok: 41947582 78 exp: 41947582 78 1 #EPN 201B/01 $016-10-23 $t08:55:09.000 201C/01 $016-10-23 201U/01 $0utf8 203@/01 $01244766933 208@/01 $a16-10-23 $be 209A/01 $a/ $f000 $x00 209A/01 $ab*p $x01 220C/01 $apgar 247C/01 $82080>Marburg/Lahn, Herder-Institut, Forschungsbibliothek, Bibliographieportal $9336309341 lok: 41947582 205 exp: 41947582 205 1 #EPN 201B/01 $012-07-18 $t17:22:44.000 201C/01 $006-11-17 201U/01 $0utf8 203@/01 $01010916319 208@/01 $a06-11-17 $bz 209A/01 $a001 NR 1830 H449 $db $f000 $x00 209C/01 $a1 2017/07650 209C/01 $anel1712na 209G/01 $a69690556 $x00 247C/01 $8351000-1 <4>Marburg, Universität Marburg, Universitätsbibliothek $9102594767 exp: 41947582 205 2 #EPN 201B/02 $018-05-18 $t14:02:19.000 201C/02 $013-04-18 201U/02 $0utf8 203@/02 $01021073075 208@/02 $a18-05-18 $bz 209A/02 $aGL 4.050, 42 $ds $f408 $x00 209B/02 $a80 $x05 209C/02 $aL 2018/109 247C/02 $8351408-0 <4/408>Marburg, Universität Marburg, Bibliothek des Hessischen Instituts für Landesgeschichte $9221689648
| LEADER | 00000cam a2200000 c 4500 | ||
|---|---|---|---|
| 001 | 419475826 | ||
| 003 | DE-603 | ||
| 005 | 20240523141702.0 | ||
| 007 | tu | ||
| 008 | 171026s2017 xx |||| | u10||u|ger | ||
| 015 | |a 19,A49 |z 17,N34 |2 dnb | ||
| 016 | 7 | |2 DE-101 |a 1138247057 | |
| 020 | |a 9783799564427 |c Broschur : EUR 35.00 | ||
| 020 | |a 379956442X | ||
| 024 | 3 | |a 9783799564427 | |
| 035 | |a (DE-599)DNB1138247057 | ||
| 035 | |a (OCoLC)1001954572 | ||
| 040 | |a DE-603 |b ger |c DE-603 |d DE-603 | ||
| 041 | |a ger | ||
| 082 | 7 | |a 900 | |
| 084 | |a 300 |a 940 |a 943 |q DE-101 |2 sdnb | ||
| 084 | |a MS 3600 |0 (DE-625)123685: |0 (DE-603)410834092 |2 rvk | ||
| 084 | |a NR 1850 |0 (DE-625)129181: |0 (DE-603)410921661 |2 rvk | ||
| 084 | |a NW 2200 |0 (DE-625)131972: |0 (DE-603)410949590 |2 rvk | ||
| 084 | |a NR 1830 |0 (DE-625)129180: |0 (DE-603)410921653 |2 rvk | ||
| 111 | 2 | |a Südwestdeutscher Arbeitskreis für Stadtgeschichtsforschung |e Arbeitstagung |n 53. |d 2014 |c München |j Verfasser |4 aut |0 (DE-603)418937931 |0 (DE-588)1142133435 |2 gnd | |
| 245 | 0 | 0 | |a Stadt, Region, Migration - zum Wandel urbaner und regionaler Räume |b 53. Arbeitstagung in München, 14.-16. November 2014 |c herausgegeben von Hans-Joachim Hecker, Andreas Heusler und Michael Stepahn |
| 264 | 1 | |a Ostfildern |b Jan Thorbecke Verlag |c [2017] | |
| 264 | 4 | |c © 2017 | |
| 300 | |a 318 Seiten |b Illustrationen, Karten, Diagramme |c 23 cm | ||
| 336 | |a Text |b txt |2 rdacontent | ||
| 337 | |a ohne Hilfsmittel zu benutzen |b n |2 rdamedia | ||
| 338 | |a Band |b nc |2 rdacarrier | ||
| 490 | 0 | |a Stadt in der Geschichte |v Band 42 | |
| 648 | 7 | |a Geschichte 1400-1990 |2 gnd | |
| 650 | 7 | |a Stadt |0 (DE-588)4056723-0 |0 (DE-603)085157945 |2 gnd | |
| 650 | 7 | |a Migration |0 (DE-588)4120730-0 |0 (DE-603)085386928 |2 gnd | |
| 650 | 7 | |a Soziale Integration |0 (DE-588)4077570-7 |0 (DE-603)085219835 |2 gnd | |
| 651 | 7 | |a Europa |0 (DE-588)4015701-5 |0 (DE-603)08503617X |2 gnd | |
| 655 | 7 | |a Konferenzschrift |y 2014 |z München |2 gnd-content |0 (DE-588)1071861417 |0 (DE-603)359646190 | |
| 700 | 1 | |a Hecker, Hans-Joachim |d 1948- |e Herausgeber |4 edt |0 (DE-603)152289011 |0 (DE-588)120758482 |2 gnd | |
| 700 | 1 | |a Heusler, Andreas |d 1960- |e Herausgeber |4 edt |0 (DE-603)155050230 |0 (DE-588)124346146 |2 gnd | |
| 700 | 1 | |a Stephan, Michael |d 1954- |e Herausgeber |4 edt |0 (DE-603)185691900 |0 (DE-588)132834685 |2 gnd | |
| 856 | 4 | 2 | |m X:MVB |q text/html |u http://deposit.dnb.de/cgi-bin/dokserv?id=2889b0965ee94717b6c3d31d94e59919&prov=M&dok_var=1&dok_ext=htm |3 Inhaltstext |
| 856 | 4 | 2 | |m X:MVB |q text/html |u http://deposit.dnb.de/cgi-bin/dokserv?id=2889b0965ee94717b6c3d31d94e59919&prov=M&dok_var=1&dok_ext=htm |3 Inhaltstext |
| 856 | 4 | 2 | |m V:DE-603;B:DE-17 |q application/pdf |u http://scans.hebis.de/HEBCGI/show.pl?41947582_toc.pdf |3 Inhaltsverzeichnis |
| 924 | 0 | |9 30 |a (DE-603)1009097296 |b DE-30 |c HES |d c |g 90.910.40 | |
| 924 | 0 | |9 17/1 |a (DE-603)1010968521 |b DE-17-1 |c HES |d b |g /NR 1850 H449 |h 1. Obergeschoss | |
| 924 | 0 | |9 36 |a (DE-603)1066546843 |b DE-36 |c HES |d c |g -FoBi- Bp 50 |h Freihand Forschungsbibliothek | |
| 924 | 0 | |9 123 |a (DE-603)1225450411 |b DE-123 |c HES |d c |g -Mag- OL 6832 / Bd 42 | |
| 924 | 0 | |9 34/24 |a (DE-603)101204579X |b DE-34-24 |c HES |d c |g 25 Ges EA 6422 | |
| 924 | 0 | |9 77/088 |a (DE-603)1022780409 |b DE-77-088 |c HES |d d |g WAA 49-42 | |
| 924 | 0 | |9 2080 |a (DE-603)1244766933 |b DE-2080 |c HES |d d |g / | |
| 924 | 0 | |9 4 |a (DE-603)1010916319 |b DE-4 |c HES |d c |g 001 NR 1830 H449 | |
| 924 | 0 | |9 4/408 |a (DE-603)1021073075 |b DE-4-408 |c HES |d d |g GL 4.050, 42 | |


